[Event "FIDE Zone 3.4 Men-ch 2017"]
[Site "Tashkent"]
[Date "2017.06.17"]
[Round "2.3"]
[White "Sindarov, Javokhir"]
[Black "Atabayev, Saparmyrat"]
[Result "0-1"]
[WhiteElo "2385"]
[BlackElo "2436"]
[Annotator "TA"]
[PlyCount "62"]
[EventDate "2017.??.??"]
[EventType "swiss"]
[EventCountry "UZB"]
[SourceTitle "playchess.com"]
[Source "ChessBase"]
[SourceQuality "1"]

{[%evp 16,62,20,22,56,0,90,78,105,106,120,47,59,31,39,31,29,18,25,6,16,2,22,0,0,0,0,0,0,0,6,0,0,0,3,0,0,-18,0,-24,-28,-360,-369,-364,-361,-354,-356,-898,-628]} 1. e4 c5 2. Nc3 e6 3. Nge2 d5 4. exd5 exd5 5. d4 Nf6 6. g3 Nc6 7. Bg2 cxd4 8. Nxd4 Bg4 9. f3 {LiveBook: 6 Games. B24: Closed Sicilian: 3 g3 sidelines} (9. Nce2 Bc5 10. f3 Bd7 11. Be3 Qe7 12. Qd2 O-O 13. O-O Rfe8 14. Bf2 Ne5 15. b3 Rac8 16. Rfe1 Qd6 {½-½ (51) Maze,S (2614)-Hamdouchi,H (2585) Drancy 2016}) 9... Be6 10. Be3 (10. Nxe6 $14 fxe6 11. Qd3) 10... Qb6 $146 (10... Bb4 $11 {keeps the balance.}) ({Predecessor:} 10... Bb4 11. O-O O-O 12. Nce2 Re8 13. c3 Ba5 14. Qd2 Qd7 15. Nf4 Rac8 16. Rfe1 Ne5 {½-½ (56) Balinas,R (2365)-Sveshnikov,E (2495) Manila 1982}) 11. Qd2 $16 {White is better.} Nxd4 12. Bxd4 Qc6 13. O-O ({White should try} 13. O-O-O $16) 13... Bc5 $14 14. Rad1 O-O 15. Kh1 {Black must now prevent Bxf6.} Bxd4 16. Qxd4 Rfd8 17. f4 Bf5 18. Rd2 Rd7 19. Rfd1 a6 20. Qe5 (20. Nxd5 Rxd5 21. Bxd5 Nxd5 $15) 20... Bg4 {...Re8 is the strong threat.} 21. Re1 {[%cal Rc3d5]} ({Avoid the trap} 21. Nxd5 $2 Nxd5 22. Re1 f6 $19) 21... Rd6 $1 {[%cal Rd6e6]} 22. Qd4 Rad8 23. Re5 Qc8 ({Much worse is} 23... Ne4 $6 24. Nxe4 dxe4 25. Qxd6 $1 $16 {[%mdl 512]}) 24. Kg1 {[%cal Rc3d5]} ({But not} 24. Nxd5 Nxd5 25. Rxd5 Rxd5 $17) 24... Be6 25. a4 h6 26. Qb4 Kh8 27. Rd4 Qc7 28. f5 $2 {[%mdl 8192] [#]} (28. h3 $11 {and White is okay.}) 28... Rb6 $1 $19 {[%cal Rb6b4]} 29. Qa5 Qxe5 30. Qxb6 Rd6 31. Qc5 $2 (31. Qa7 Bxf5 32. Rf4 Bxc2 33. Qxb7) 31... b6 {Precision: White = 25%, Black = 86%.} 0-1

[Event "FIDE Zone 3.4 Men-ch 2017"]
[Site "Tashkent"]
[Date "2017.06.17"]
[Round "2.4"]
[White "Khusenkhojaev, Muhammad"]
[Black "Kakageldyev, Amanmurad"]
[Result "1-0"]
[WhiteElo "2424"]
[BlackElo "2376"]
[Annotator "TA"]
[PlyCount "129"]
[EventDate "2017.??.??"]
[EventType "swiss"]
[EventCountry "UZB"]
[SourceTitle "playchess.com"]
[Source "ChessBase"]
[SourceQuality "1"]

{[%evp 23,129,83,83,60,80,70,71,58,66,66,58,70,77,42,52,15,26,15,15,14,93,98,112,112,113,125,117,126,123,104,121,110,113,108,93,94,90,64,178,199,224,227,233,220,218,231,227,185,194,185,251,251,258,274,268,252,252,253,253,265,326,253,253,253,260,253,253,253,362,253,253,260,358,308,395,362,586,556,473,354,912,821,12840,12840,12841,12841,12841,12842,12842,12841,29981,29982,12845,12839,29983,29984,29984,29985,29985,29986,29987,29988,29988,29989,29989,29990,29990,29991]} 1. Nf3 g6 2. g3 Bg7 3. d4 Nf6 4. Bg2 O-O 5. c4 d6 6. O-O Nc6 7. Nc3 a6 8. Bf4 Rb8 {E63: King's Indian: Fianchetto: Panno Variation with 7...a6} 9. Rc1 Bd7 10. Qd2 b5 11. Nd5 e6 (11... bxc4 12. Nxf6+ Bxf6 13. Rxc4 e5 14. dxe5 Nxe5 15. Nxe5 dxe5 {1-0 (47) Svidler,P (2727)-Jones,G (2623) Berlin 2015}) 12. Nxf6+ Bxf6 {LiveBook: 11 Games} 13. cxb5 Rxb5 {[#]} 14. b3 $146 ({Predecessor:} 14. Rc4 Qb8 15. b3 Qb6 16. Be3 {1-0 (33) Gagunashvili,M (2592)-Rohan,A (2070) Mumbai 2013}) 14... Re8 15. Rfd1 Qb8 16. e4 e5 17. dxe5 Nxe5 18. Nxe5 Bxe5 19. Be3 a5 $1 20. Rc2 a4 21. bxa4 Rb4 (21... Rb7 $1 $11 {keeps the balance.}) 22. Rxc7 $16 Bxa4 23. Rdc1 {Hoping for Ba7.} Rb1 24. Rxb1 Qxc7 25. Rc1 Qd7 26. Qd5 Rc8 27. Rxc8+ Qxc8 28. Bf1 Bc6 29. Qc4 Qa8 30. Bd3 d5 (30... Bg7 $14) 31. Qc5 $18 Bg7 32. exd5 Bxd5 {[#]} 33. a4 $1 Bf8 34. Qa7 Qc8 {Threatens to win with ...Qg4.} 35. Qd4 Qe6 36. Bf1 Qf5 {[#]} (36... h5 {was called for.} 37. a5 Qf5) 37. Qf4 $1 {[%cal Rf4f5]} Qb1 38. h4 Ba8 39. a5 Qb7 {[%csl Ga8][%cal Rb7h1] [#]} 40. f3 $1 {[%mdl 512]} Qd5 (40... Qxf3 41. Qxf3) 41. a6 Bc5 42. Qb8+ Kg7 43. Qb2+ Kf8 44. Bxc5+ Qxc5+ 45. Qf2 Qc6 (45... Qc3 $142 46. a7 Bxf3) 46. Qe3 h5 47. a7 Kg7 48. Bg2 Qc7 49. Kh2 Kh7 $2 (49... Qa5 50. Qd4+ Kh7) 50. Qf2 Qa5 51. Bf1 Qc3 $2 (51... Kg7 52. Bg2 Qa6 53. Qd4+ Kh7) 52. Qa2 Kg7 53. f4 f6 54. Bg2 Qc8 55. Bxa8 Qxa8 {[%mdl 4096] Endgame KQ-KQ} 56. Qa6 f5 57. Qa1+ Kh7 58. Kg1 Kh6 59. Qa5 {White mates.} Kg7 60. Qc7+ Kf6 61. Qb8 Qf3 62. a8=Q Qxg3+ 63. Qg2 Qe1+ 64. Qf1 Qg3+ 65. Kh1 {Precision: White = 71%, Black = 53%.} 1-0

[Event "FIDE Zone 3.4 Men-ch 2017"]
[Site "Tashkent"]
[Date "2017.06.17"]
[Round "2.5"]
[White "Esenov, Annaberdi"]
[Black "Markov, Mikhail"]
[Result "1/2-1/2"]
[WhiteElo "2325"]
[BlackElo "2413"]
[Annotator "TA"]
[PlyCount "124"]
[EventDate "2017.??.??"]
[EventType "swiss"]
[EventCountry "UZB"]
[SourceTitle "playchess.com"]
[Source "ChessBase"]
[SourceQuality "1"]

{[%evp 14,124,18,18,64,71,95,97,104,73,87,6,20,28,17,27,58,54,65,62,35,27,39,0,0,0,0,0,0,0,0,0,0,0,18,8,0,-24,-12,-27,-20,-23,-24,-31,-13,-45,-21,-37,0,-47,-45,-44,-41,-47,-47,-75,-53,-97,-64,-64,-64,-64,-64,-64,518,518,518,518,518,518,518,427,12824,393,393,393,393,393,393,393,393,393,393,393,393,393,393,393,393,393,393,393,393,393,393,393,393,0,393,393,393,393,393,393,393,393,393,0,0,0,0,0,0]} 1. e4 c5 2. Nf3 d6 3. d4 cxd4 4. Nxd4 Nf6 5. Nc3 e6 6. g4 h6 7. Bg2 Nc6 8. h3 {LiveBook: 230 Games} d5 {B81: Sicilian Scheveningen: Keres Attack} (8... g5 9. Nxc6 bxc6 10. e5 Nd5 11. exd6 Qxd6 12. O-O Ba6 13. Re1 Be7 14. Ne4 Qc7 15. c4 Nb4 16. b3 {1-0 (59) Carlsen,M (2840)-Van Wely,L (2695) Wijk aan Zee 2017}) 9. exd5 Nxd5 10. Nxd5 exd5 {White is better.} 11. O-O Be7 12. Nxc6 $146 ({White should try} 12. c4 $16) ({Predecessor:} 12. c3 O-O 13. Be3 Bf6 14. Ne2 Be6 15. f4 Qe7 16. Qd2 Rfe8 17. Rf3 d4 18. Bxd4 Bxg4 19. hxg4 Qxe2 20. Qxe2 Rxe2 21. Bxf6 gxf6 22. Rf2 Rae8 {½-½ (22) Dong,A (1953)-Nguyen,E (1944) Manchester 2016}) 12... bxc6 $11 13. c4 {[%cal Rc4d5]} Be6 14. cxd5 Bxd5 15. Bxd5 cxd5 16. Qa4+ Kf8 17. Bd2 h5 18. Rae1 {[#] aiming for Rxe7!} (18. Rfe1 $5 {[%cal Re1e7]} Bf6 19. Rac1 $11) 18... Bf6 $1 19. Ba5 Qb8 20. Re3 {Black must now prevent Rfe1.} d4 21. Rb3 Qc8 22. g5 Bxg5 23. Qxd4 Qf5 24. Bb4+ Kg8 25. Rg3 Bf6 26. Qe3 Bxb2 27. Bc3 Bxc3 28. Qxc3 {[%csl Gg3][%cal Rc3g7] [#]} g6 29. Rf3 Qg5+ 30. Rg3 Qf5 31. Rf3 Qd5 32. Re1 Qxa2 33. Re7 Rf8 34. Qe3 a6 35. h4 Qd5 36. Rf6 Rh7 37. Rxa6 Qc4 38. Rd6 Qxh4 $2 {[%mdl 8192]} (38... Qg4+ $15 {keeps the upper hand.} 39. Qg3 Rc8) 39. Re4 $18 Qd8 40. Rxd8 Rxd8 41. Qg5 Rc8 42. Kh2 h4 (42... Rf8 $142 43. Rc4 Rg7) 43. Rxh4 $2 (43. Rf4 Rf8 44. Rxh4) 43... Rxh4+ 44. Qxh4 {[%mdl 4096] Endgame KQ-KR} Rc5 {...Rh5 is the strong threat.} 45. Qd8+ Kh7 46. Qf8 Rf5 47. Kg3 Rg5+ 48. Kf4 Rf5+ 49. Ke3 Re5+ 50. Kd3 Rf5 51. Qd8 Kg7 52. Qd4+ Kg8 53. f4 Rh5 54. Ke4 Rf5 55. Kf3 $2 ({Better is} 55. Qa1 $18) 55... Rh5 $2 {[%mdl 8192]} (55... g5 $11) 56. Qd8+ Kg7 57. Kg4 Rf5 58. Qe8 Rh5 59. Qc8 Rf5 60. Qxf5 $2 (60. Kf3 $18) 60... gxf5+ $11 {The position is equal.} 61. Kxf5 f6 62. Ke6 {Threatening mate with f5.} f5 {Precision: White = 65%, Black = 58%.} 1/2-1/2

[Event "FIDE Zone 3.4 Men-ch 2017"]
[Site "Tashkent"]
[Date "2017.06.17"]
[Round "2.6"]
[White "Arutyunyan, Armen"]
[Black "Begmuratov, Alisher"]
[Result "1/2-1/2"]
[WhiteElo "2201"]
[BlackElo "2398"]
[Annotator "TA"]
[PlyCount "56"]
[EventDate "2017.??.??"]
[EventType "swiss"]
[EventCountry "UZB"]
[SourceTitle "playchess.com"]
[Source "ChessBase"]
[SourceQuality "1"]

{[%evp 23,56,30,41,41,44,21,44,47,67,66,79,65,67,0,75,0,74,35,29,30,40,33,83,80,106,90,139,79,81,79,95,81,96,88,77]} 1. c4 Nf6 2. Nc3 g6 3. d4 Bg7 4. e4 d6 5. Be2 O-O 6. Nf3 e5 7. O-O exd4 8. Nxd4 Re8 9. f3 Nc6 10. Nc2 Nd7 11. Be3 Nc5 12. Qd2 a5 13. Rad1 {E94: King's Indian: Classical: 6 Be2 e5 7 0-0: Various Black 7th moves} b6 (13... Be6 14. Bg5 Qb8 15. Ne3 h6 16. Bh4 Nd4 17. Ned5 Nd7 18. Bf2 Bxd5 19. cxd5 Nxe2+ 20. Nxe2 Nc5 21. Rc1 b6 22. Nd4 Qd8 23. Nc6 Qg5 24. Be3 Qh4 25. Bf2 Qg5 26. Be3 Qh4 27. Bf2 {½-½ (27) Bartholomew,J (2435)-Solak,D (2603) Reykjavik 2013}) 14. Bg5 f6 15. Bh6 $146 {White is slightly better.} ({Predecessor:} 15. Bh4 g5 16. Bf2 Ne5 17. Bxc5 bxc5 18. Ne3 Be6 19. b3 Bf8 20. Nf5 Qd7 {0-1 (66) Zacarias,R (2102)-Limp,E (2377) Rio de Janeiro 2014}) 15... Bd7 16. Bxg7 Kxg7 17. Nd5 Ne7 18. Nc3 Nc6 19. Nd5 (19. b3 $16) 19... Be6 (19... Ne7 $1 $11) 20. Nd4 Nxd4 21. Qxd4 Bxd5 22. cxd5 a4 23. Bb5 $36 {[%mdl 2048] White has strong initiative.} Re5 24. Bc6 Ra5 25. Rfe1 ({White should try} 25. Rde1) 25... Qe7 $16 {White is better.} 26. Re3 Kg8 27. Rde1 g5 28. g3 {[#] Hoping for f4.} Qg7 {Precision: White = 45%, Black = 37%.} 1/2-1/2

[Event "FIDE Zone 3.4 Men-ch 2017"]
[Site "Tashkent"]
[Date "2017.06.17"]
[Round "2.7"]
[White "Kuybokarov, Temur"]
[Black "Shermuhammadov, Samandar"]
[Result "0-1"]
[WhiteElo "2487"]
[BlackElo "1998"]
[Annotator "TA"]
[PlyCount "89"]
[EventDate "2017.??.??"]
[EventType "swiss"]
[EventCountry "UZB"]
[SourceTitle "playchess.com"]
[Source "ChessBase"]
[SourceQuality "1"]

{[%evp 15,89,27,57,66,65,45,63,26,39,32,27,35,33,39,81,75,93,83,83,83,80,80,79,56,79,71,68,33,20,0,0,0,0,0,0,0,0,-28,0,0,0,0,0,0,0,-64,0,0,0,0,0,0,0,-12,0,0,69,0,0,0,0,-421,-316,-647,-654,-654,-614,-561,-534,-635,-643,-12841,-12842,-29994,-29993,-29995]} 1. e4 d6 2. d4 Nf6 3. Nc3 g6 4. Nf3 Bg7 5. Be2 O-O 6. O-O Nc6 7. d5 Nb8 8. a4 e5 {LiveBook: 5 Games. B08: Pirc Defence: Classical System} (8... Bg4 9. h3 Bxf3 10. Bxf3 c6 11. a5 a6 12. Be3 Nbd7 13. Bd4 Re8 14. Re1 Qc7 15. Na4 e5 16. Bb6 Nxb6 17. Nxb6 {0-1 (33) Kasparov,G (2812)-Short,N (2664) Saint Louis 2015}) 9. a5 a6 10. Ne1 {[%cal Bf3e1,Be1g2,Bg2e3][%mdl 32]} Nbd7 $146 {White is slightly better.} ({Predecessor:} 10... Kh8 11. Nd3 Nbd7 12. f3 Ng8 13. Na4 f5 14. c4 Ndf6 15. Nc3 c5 16. dxc6 bxc6 {1-0 (48) Rozentalis,E (2528)-Voigt,R (2457) Germany 2015}) 11. Be3 Ne8 12. g3 f5 13. exf5 gxf5 14. Ng2 Ndf6 15. f4 e4 16. Bd4 c5 17. dxc6 bxc6 18. Ne3 Be6 19. b4 Rb8 20. Rb1 ({Don't play} 20. Bxa6 $6 Rxb4 21. Bc5 Rb8 $15) 20... Nc7 21. h3 Qe7 22. Na4 Nfd5 23. Nxd5 Nxd5 24. c3 {[#]} c5 $1 $36 {[%mdl 2560] Black has the initiative.} 25. Bxg7 (25. bxc5 Rxb1) 25... Qxg7 26. Kh2 Ne3 27. Qxd6 Nxf1+ 28. Rxf1 Rfe8 29. Qxc5 Rbd8 30. Bxa6 (30. Rg1 $1 $11) 30... Rd2+ (30... Bb3 $1 $15 31. Bb5 e3) 31. Rf2 $11 Rxf2+ 32. Qxf2 {Threatens to win with Nc5.} Bb3 $1 {aiming for ...e3.} 33. Bb5 Rd8 {White must now prevent ...Bxa4.} 34. Qe1 {Nc5 is the strong threat.} Bxa4 (34... Rd1 $5 {[%cal Rd1e1]} 35. Qe2 Kh8 $11) 35. Bxa4 {[%mdl 4096] Endgame KQR-KQB} Qe7 (35... Rd3 $11) 36. a6 (36. Bb5 $1 $14) 36... e3 37. Bc6 Rd2+ 38. Kg1 $2 {[%mdl 8192]} (38. Bg2 $1 $11 {and White stays safe.}) 38... Qd6 39. Bf3 $2 (39. Qxe3 Rd1+ 40. Kf2 Qxc6 41. g4) 39... Qxa6 $19 40. g4 fxg4 41. hxg4 Qa7 42. Be2 {[#]} Qa2 $1 43. Kf1 Rb2 ({Not} 43... Qd5 44. Qh4 $17) 44. Bd3 Qd5 {[%cal Rd5h1]} 45. Qxe3 {Precision: White = 50%, Black = 70%.} 0-1

[Event "FIDE Zone 3.4 Men-ch 2017"]
[Site "Tashkent"]
[Date "2017.06.18"]
[Round "3.1"]
[White "Abdusattorov, Nodirbek"]
[Black "Khusenkhojaev, Muhammad"]
[Result "1/2-1/2"]
[WhiteElo "2462"]
[BlackElo "2424"]
[Annotator "TA"]
[PlyCount "86"]
[EventDate "2017.??.??"]
[EventType "swiss"]
[EventCountry "UZB"]
[SourceTitle "playchess.com"]
[Source "ChessBase"]
[SourceQuality "1"]

{[%evp 26,86,38,32,39,37,43,14,14,17,69,22,36,20,38,8,19,10,15,13,17,25,19,21,39,37,58,2,20,8,32,35,58,47,54,-18,11,14,11,0,0,-12,0,0,0,-70,-8,-70,-43,-33,-35,-19,-33,-41,-56,-60,-50,-50,0,0,0,-42,0]} 1. e4 e5 2. Nf3 Nc6 3. Bb5 a6 4. Ba4 Nf6 5. O-O Be7 6. Re1 b5 7. Bb3 d6 8. c3 O-O 9. h3 Nb8 10. d4 Nbd7 11. Nbd2 {[%cal Bb1d2,Bd2f1,Bf1g3][%mdl 32]} Bb7 12. Bc2 Re8 13. Nf1 exd4 14. cxd4 c5 {C95: Closed Ruy Lopez: Breyer Variation with 10 d4} (14... d5 15. e5 Ne4 16. N3d2 Nxd2 17. Bxd2 c5 18. Ne3 g6 19. Ng4 Bf8 20. dxc5 Bxc5 21. Nh6+ Kg7 22. Qf3 {1-0 (41) Polgar,J (2665)-Spassky,B (2545) Hoogeveen 1998}) 15. d5 $146 ({Predecessor:} 15. Ng3 Bf8 16. Bg5 cxd4 17. Nxd4 g6 18. Qd2 Rc8 19. Rad1 Nc5 {½-½ (44) Choladze,M (2095)-Khomeriki,N (2295) Ureki 2015}) 15... Bf8 16. g4 Nb6 {The position is equal.} 17. Ng3 Qc7 (17... g6 $11) 18. Bf4 Nfd7 19. Rc1 Ne5 20. Bb1 Nbc4 (20... Ng6 $5 {[%cal Rg6f4]} 21. Bd2 Nc4 $11) 21. b3 Nxf3+ 22. Qxf3 Ne5 23. Qd1 a5 24. Be3 Qd8 25. f4 Nd7 26. a3 (26. g5 $14) 26... Ba6 27. Bd3 Nb6 28. g5 b4 29. Bxa6 Rxa6 30. Qe2 ({White should play} 30. a4 $14) 30... Ra7 31. a4 (31. Ra1 $5 {[%cal Ra3b4]}) 31... g6 32. Qf3 f6 33. h4 Bg7 {[%cal Bf8g7,Bg7f6,Bf6h4][%mdl 32]} 34. Kg2 Rf7 35. Re2 (35. Rf1 $11) 35... Nd7 ({Black should try} 35... fxg5 $15 36. hxg5 Bc3) 36. gxf6 (36. Rf2 $11) 36... Bxf6 37. h5 Bh4 {Strongly threatening ...Ne5!} 38. hxg6 hxg6 {White must now prevent ...Ne5!} 39. Bd2 $1 {[#]} Ne5 $1 {[%mdl 512]} 40. Qe3 (40. fxe5 Rxf3) 40... Ng4 41. Qf3 {[#]} Ne5 $1 {[%mdl 512]} 42. Qe3 (42. fxe5 Rxf3) 42... Ng4 43. Qf3 Ne5 {Precision: White = 38%, Black = 40%.} 1/2-1/2

[Event "FIDE Zone 3.4 Men-ch 2017"]
[Site "Tashkent"]
[Date "2017.06.18"]
[Round "3.2"]
[White "Shermuhammadov, Samandar"]
[Black "Kostenko, Petr"]
[Result "0-1"]
[WhiteElo "1998"]
[BlackElo "2438"]
[Annotator "TA"]
[PlyCount "44"]
[EventDate "2017.??.??"]
[EventType "swiss"]
[EventCountry "UZB"]
[SourceTitle "playchess.com"]
[Source "ChessBase"]
[SourceQuality "1"]

{[%evp 17,44,-32,18,-65,-31,-36,-23,-46,-13,-6,-15,-82,-68,-130,-133,-138,-119,-124,-117,-306,-289,-290,-317,-316,-324,-324,-316,-369,-354]} 1. e4 e6 2. d3 d5 3. Nd2 c5 4. Ngf3 Nc6 5. g3 Bd6 6. Bg2 Nge7 7. O-O O-O 8. Re1 Bc7 9. Nf1 b6 {LiveBook: 3 Games. A08: King's Indian Attack} 10. h4 (10. exd5 $1 $11 exd5 11. c3) 10... dxe4 11. dxe4 Ba6 {Black is slightly better.} 12. Bd2 $146 ({Predecessor:} 12. Be3 Ng6 13. N1d2 e5 14. Bf1 Bc8 15. c3 Bg4 16. Qa4 Nge7 17. Nh2 Bd7 18. Qc2 Qc8 19. a4 Be6 20. Bc4 Rd8 21. Nhf3 {0-1 (21) Georgiev,K (2421)-Sethuraman,S (2546) Golden Sands 2012}) 12... Qd7 13. h5 h6 14. Qc1 (14. Bf4 $11 Qc8 15. Bxc7 Qxc7 16. c3) 14... Rad8 $36 {[%mdl 2048] Black is pushing.} 15. Bxh6 ({White should try} 15. N1h2 $15) 15... gxh6 16. Qxh6 {Threatening mate with Ng5.} f6 17. Bh3 {[#]} Bc8 $1 18. e5 $2 (18. Rad1 $17 {keeps fighting.} Qe8 19. Rxd8 Qxd8 20. c3) 18... Bxe5 $19 (18... fxe5 19. Ng5 $17) 19. Re4 Nf5 ({Not} 19... Bxb2 20. Bxe6+ Qxe6 21. Rxe6 $17) 20. Rg4+ Kf7 21. Qg6+ Ke7 22. Re1 Qe8 {Precision: White = 30%, Black = 65%.} 0-1

[Event "FIDE Zone 3.4 Men-ch 2017"]
[Site "Tashkent"]
[Date "2017.06.18"]
[Round "3.3"]
[White "Atabayev, Saparmyrat"]
[Black "Atabayev, Maksat"]
[Result "1/2-1/2"]
[WhiteElo "2436"]
[BlackElo "2498"]
[Annotator "TA"]
[PlyCount "62"]
[EventDate "2017.??.??"]
[EventType "swiss"]
[EventCountry "UZB"]
[SourceTitle "playchess.com"]
[Source "ChessBase"]
[SourceQuality "1"]

{[%evp 18,62,42,26,26,30,30,23,23,29,25,24,28,24,21,23,28,3,0,0,3,0,8,0,6,0,4,0,4,0,0,0,0,0,0,-2,0,-7,0,0,0,0,0,0,0,0,0]} 1. e4 e5 2. Nf3 Nf6 3. Nxe5 d6 4. Nf3 Nxe4 5. d4 d5 6. Bd3 Nc6 7. O-O Be7 8. c3 O-O 9. Nbd2 Bf5 10. Qc2 {[%cal Rd2e4]} Nxd2 {C42: Petroff Defence: 3 Nxe5 and unusual White 3rd moves} 11. Bxd2 Bxd3 12. Qxd3 Qd7 {White has an edge.} 13. Rfe1 Rfe8 14. Bf4 f6 $146 ({Predecessor:} 14... a6 15. Re3 Bf6 16. Rae1 Rxe3 17. Rxe3 h6 18. h3 Rf8 19. Nh2 Kh8 20. Ng4 Bd8 21. Re2 {½-½ (21) Jurcik,M (2342)-Pitl,G (2332) Olomouc 2005}) 15. h3 Bd6 16. Bxd6 Qxd6 17. Rxe8+ Rxe8 {The position is equal.} 18. Re1 Rxe1+ 19. Nxe1 a6 (19... Qe6 $5 {[%cal Re6e1]} 20. Nc2 Qe4 21. Qxe4 dxe4 $11) 20. Qe3 {next Qe8+ is good for White.} Qe7 21. Qxe7 (21. Qd2 {keeps more tension.} Nd8 22. f3 a5 23. Nd3 Kf7 24. Kf2) 21... Nxe7 $11 {[%mdl 4096] Endgame KN-KN} 22. Kf1 Kf7 23. Ke2 Nc8 24. Nc2 Nd6 25. Ne3 c6 26. Kd3 Ke6 27. Ke2 Ke7 28. g4 Ke6 (28... f5 $5) 29. f3 g6 30. Ng2 g5 31. f4 h6 {Precision: White = 52%, Black = 67%.} 1/2-1/2

[Event "FIDE Zone 3.4 Men-ch 2017"]
[Site "Tashkent"]
[Date "2017.06.18"]
[Round "3.4"]
[White "Markov, Mikhail"]
[Black "Arutyunyan, Armen"]
[Result "0-1"]
[WhiteElo "2413"]
[BlackElo "2201"]
[Annotator "TA"]
[PlyCount "107"]
[EventDate "2017.??.??"]
[EventType "swiss"]
[EventCountry "UZB"]
[SourceTitle "playchess.com"]
[Source "ChessBase"]
[SourceQuality "1"]

{[%evp 12,107,-27,-29,-36,-114,-58,-76,-69,-89,-39,-112,-108,-136,-131,-121,-101,-98,-102,-111,-118,-112,-104,-112,-110,-104,-102,-96,-100,-162,-75,-59,-43,-72,-72,-227,0,8,13,0,54,50,52,38,43,29,26,33,48,14,26,0,8,4,8,10,50,16,14,18,26,8,96,94,73,74,79,0,200,185,169,150,200,161,294,284,277,274,325,323,491,366,455,383,380,360,575,576,622,614,614,611,592,588,955,918,1099,1098]} 1. c4 f5 2. g3 Nf6 3. Bg2 g6 4. Nc3 Bg7 5. e4 fxe4 6. Nxe4 {A10: English Opening: Unusual Replies for Black} Nxe4 7. Bxe4 {LiveBook: 3 Games} c6 8. Qf3 $146 (8. Bg2 $15) ({Predecessor:} 8. Ne2 d5 9. cxd5 cxd5 10. Bg2 Nc6 11. O-O O-O 12. d3 e5 13. Qb3 {1-0 (35) Grivas,E (2509)-Ruijgrok,D (2329) Wijk aan Zee 2008}) 8... e6 (8... Rf8 $17 9. Qe3 d5 10. cxd5 cxd5) 9. h4 d5 10. Bc2 e5 11. Ne2 (11. d4 $15) 11... Rf8 $17 12. Qb3 d4 13. d3 b6 14. Bg5 Qc7 15. Qa3 Bg4 16. Bd1 {Black should prevent Nxd4!} Bf3 17. Rh2 h6 $36 {[%mdl 2048] Black is on the roll.} 18. Bd2 Nd7 19. Ng1 Bxd1 20. Kxd1 {[#]} (20. Rxd1 $17 {was called for.} O-O-O 21. Kf1) 20... Nf6 (20... e4 $1 $19 {[%mdl 512] has better winning chances.} 21. dxe4 d3 $1 {[%mdl 512]}) 21. f3 O-O-O 22. Qa6+ Kb8 23. a4 $2 {[#]} (23. Kc2 $17) 23... Qb7 $2 (23... Ng4 $1 $19 {[%cal Rg4h2][%mdl 512]} 24. Re2 (24. fxg4 Rf1+) 24... e4 $1 {[%mdl 512]} 25. fxg4 Qxg3) 24. Qxb7+ $11 Kxb7 25. Kc2 Nd7 ({Black should try} 25... e4 $11) 26. b4 Rf7 27. Re1 Bf8 28. f4 exf4 29. gxf4 Bd6 30. Rg2 Bxf4 31. Rxg6 Ne5 32. Re6 {Hoping for Bxf4.} Bxd2 33. Kxd2 Ng4 34. Re7+ (34. R1e4 {with more complications.} Nh2 35. Ne2 c5 36. bxc5 bxc5 37. Rxh6 Nf1+ 38. Kc1) 34... Rd7 $1 {[%cal Rd7e7]} 35. Rxd7+ Rxd7 {[%mdl 4096] Endgame KRN-KRN} 36. Re6 (36. Re4 $5 {[%cal Re4g4]} Rg7 37. Ne2 $14) 36... Rg7 (36... c5 $11 {keeps the balance.}) 37. Ne2 $16 c5 38. bxc5 bxc5 {[#]} 39. Ng3 (39. Nc1 $1 $16) 39... Ne3 $2 (39... Nf2 $11 {and Black is okay.} 40. Ne2 Ng4) 40. Ne4 $18 Rg2+ 41. Kc1 Rg1+ 42. Kb2 h5 (42... Nf5 {was worth a try.} 43. Nxc5+ Kc7) 43. Nxc5+ Kc7 44. Rh6 Rg2+ 45. Kb3 Nc2 (45... a5 $142 46. Ne6+ Kb7 47. Rxh5 Rd2 48. Rb5+ Kc8) 46. a5 Na1+ 47. Ka3 Nc2+ 48. Ka4 Rh2 (48... Rg1 {was necessary.} 49. Rxh5 Rb1 50. Na6+ Kd6 51. Rd5+ Kc6) 49. Rxh5 {White is clearly winning.} Kc6 50. Nb3 Rh3 51. Rh6+ Kc7 52. Nc5 Ne1 53. Na6+ Kd7 54. c5 {[%mdl 32768] Precision: White = 56%, Black = 35%. . Loss on Time!?} 0-1